Countries of Africa - North to South - Statistics

General Stats
  • This quiz has been taken 742 times
    738 since last reset
  • The average score is 35 of 54
Answer Stats
Answer % Correct
Algeria
99%
Tunisia
99%
Morocco
98%
Egypt
96%
Libya
96%
Mali
93%
Mauritania
93%
Niger
91%
Sudan
90%
Chad
89%
Eritrea
83%
Senegal
76%
Cape Verde
71%
Ethiopia
71%
Burkina Faso
70%
Nigeria
69%
The Gambia
67%
Guinea
64%
Guinea-Bissau
63%
Benin
62%
Cameroon
62%
Djibouti
62%
South Sudan
61%
Ghana
60%
Togo
60%
Central African Republic
58%
Lesotho
58%
Somalia
58%
South Africa
58%
Angola
56%
Democratic Republic of the Congo
56%
Kenya
56%
Liberia
56%
Uganda
56%
Gabon
55%
Republic of the Congo
55%
Sierra Leone
55%
Tanzania
55%
Botswana
54%
Cote d'Ivoire
54%
Malawi
54%
Rwanda
54%
Swaziland
54%
Zambia
54%
Zimbabwe
54%
Madagascar
53%
Namibia
53%
Burundi
52%
Equatorial Guinea
52%
Mozambique
51%
São Tomé and Principe
51%
Seychelles
51%
Mauritius
50%
Comoros
49%
No matching quizzes found
Score Distribution
Percent of People with Each Score
Percentile by Number Answered
Your Score History
You have not taken this quiz since the last reset